Os 100 maiores brasileiros de todos os tempos - Statistics

Estatísticas Gerais
  • Esse quiz foi jogado 733 vezes
  • A pontuação média é 44 de 100
Estatísticas das Respostas
Dica Personalidade % Correto
Piloto, três vezes campeão mundial de Fórmula 1 Ayrton Senna
90%
Político, presidiu o Brasil entre 2003 e 2010 Lula
90%
Ex-jogador de futebol, considerado o maior futebolista de todos os tempos. Tricampeão mundial com a seleção brasileira Pelé
82%
Político, foi presidente do Brasil entre 1930 e 1945 e entre 1951 e 1954 Getúlio Vargas
77%
Jogador de futebol, atuou em times como Santos e Barcelona e atualmente joga no PSG Neymar
75%
Lutador, um dos principais nomes do MMA no Brasil. Ex-campeão do peso médio no UFC Anderson Silva
73%
Imperador, segundo e último monarca do Brasil. Dom Pedro II
73%
Político, foi presidente do Brasil entre 1990 e 1992. Conhecido por sofrer impeachment Fernando Collor
72%
Político, presidiu o Brasil entre 1995 e 2001 Fernando Henrique Cardoso
70%
Escritor, considerado o maior nome da literatura nacional. Dentre suas obras, estão "Dom Casmurro", "Quincas Borba" e "Memórias Póstumas de Brás Cubas" Machado de Assis
70%
Cantora, iniciou sua carreira na Banda Eva e possui grande sucesso em sua carreira solo. "Sorte Grande", "Festa" e "Tempo de Alegria" estão entre seus hits Ivete Sangalo
65%
Política, presidiu o Brasil entre 2011 e 2016, tendo sofrido impeachment. Foi ministra da Casa Civil e ministra de Minas e Energia Dilma Rousseff
64%
Ex-jogador de futebol, conhecido pelas pernas tortas. Campeão mundial em 1958 e 1962 com a seleção brasileira Garrincha
63%
Cantora, integrou a banda Calypso Joelma
63%
Ex-jogador de futebol, atuava como goleiro, jogando sempre pelo Palmeiras. Foi titular da seleção brasileira campeã mundial de 2002 Marcos
63%
Médium, um dos mais importantes expoentes do Espiritismo Chico Xavier
62%
Princesa, assinou a "Lei Áurea", declarando extinta a escravidão no Brasil Princesa Isabel
62%
Ex-jogador de futebol, foi campeão mundial com a seleção brasileira em 1994 e 2002, sendo o artilheiro desta última copa Ronaldo
62%
Cantor, liderou a banda Barão Vermelho e teve uma exitosa carreira solo. Dono de hits como "O Tempo Não Para", "Pro Dia Nascer Feliz" e "Ideologia" Cazuza
61%
Cantor, dono de sucessos como "Emoções", "Detalhes" e "Como é Grande o meu Amor por Você" Roberto Carlos
61%
Cantor, responsável por hits como "Meteoro", "Escreve Aí" e "Acordando o Prédio" Luan Santana
60%
Cantor, liderou o grupo Tradição e tem uma bem sucedida carreira solo. Dono de sucessos como "Ai Se Eu Te Pego" e "Fugidinha" Michel Teló
60%
Apresentador, comandou programas como "Viva a Noite", "Sabadão" e "Domingo Legal", no SBT, além de um que levava seu apelido, na Rede Record Gugu Liberato
59%
Cangaceiro, foi o mais bem-sucedido nesse posto. Companheiro de Maria Bonita Lampião
59%
Ex-jogador de futebol, campeão mundial em 2002. Atuou em times como PSG, Barcelona, Milan, Grêmio, Flamengo e Atlético Mineiro Ronaldinho Gaúcho
59%
Cantor e escritor, tem sucessos como "A Banda", "Apesar de Você" e "O Que Será" Chico Buarque
58%
Escritor, considerado o pai da literatura infantojuvenil brasileira. Deu origem a personagens como Pedrinho, Narizinho e Emília Monteiro Lobato
58%
Apresentador, comanda um "Caldeirão" nas tardes de sábado da Rede Globo Luciano Huck
57%
Cantora, integrou a banda Babado Novo. Dona de hits como "Extravasa", "Bola de Sabão" e "Baldim de Gelo"' Cláudia Leitte
56%
Ator e comediante, integrou "Os Trapalhões", sendo responsável pelo personagem Didi Renato Aragão
56%
Cantor, considerado "o mais amado do Brasil". Dono de sucessos como "Princesa" e "Meu Ex Amor" Amado Batista
55%
Atriz e apresentadora, tida como "Rainha da Televisão Brasileira". Comandou por anos um programa que levava seu nome, no SBT Hebe Camargo
55%
Político, presidiu o Brasil entre1956 e 1961. Responsável pela construção de Brasília Juscelino Kubitschek
55%
Cantora, responsável por "Como Nossos Pais", "O Bêbado e o Equilibrista" e "Madalena" Elis Regina
54%
Arquiteto, realizou diversos projetos com traços mordernos, dentre os quais a construção de Brasília. Oscar Niemeyer
54%
Político e ex-jogador de futebol, foi campeão mundial em 1994, sendo o principal nome da seleção brasileira naquela ocasião Romário
54%
Cantor e sanfoneiro, considerado o Rei do Baião. Responsável por sucessos como "Asa Branca" e "Vida de Viajante" Luiz Gonzaga
53%
Ator e humorista, conhecido por personagens como Professor Raimundo, Bento Carneiro e Alberto Roberto Chico Anysio
52%
Político, presidiu o Brasil entre 1992 e 1995, após o processo de impeachment Itamar Franco
51%
Jornalista e radialista, apresenta o "Brasil Urgente", na Band José Luiz Datena
51%
Farmacêutica, denunciou violência doméstica e dá nome à lei que combate tal tipo de crime Maria da Penha
51%
Apresentador, dono de bordões como "Terezinha" e "Na TV nada se cria, tudo se copia" Chacrinha
50%
Religioso, fundador e líder da Igreja Universal do Reino de Deus e proprietário da Rede Record Edir Macedo
50%
Jogador de futebol, atua como zagueiro. Jogou no Vasco da Gama e atualmente está no Cruzeiro Dedé
49%
Cantor, foi o vocalista da banda Legião Urbana, responsável por músicas como "Será", "Faroeste Caboclo" e "Tempo Perdido" Renato Russo
49%
Apresentadora e cantora, comandou programas aos finais de semana na Globo. Atualmente está na Rede Record. Também protagonizou filmes como "Lua de Cristal" Xuxa Meneghel
49%
Cantor e compositor, considerado um dos pioneiros do rock nacional. Dentre seus sucessos estão "Gita", "Eu Nasci Há Dez Mil Anos Atrás" e "Tente Outra Vez" Raul Seixas
48%
Líder quilombola, esteve à frente do Quilombo de Palmares Zumbi
47%
Inventor, tido como o criador do avião Santos Dumont
46%
Jornalista, apresenta o "Jornal Nacional", da Rede Globo William Bonner
45%
Escritor, elaborou obras como "Capitães de Areia", "Gabriela, Cravo e Canela" e "Tieta do Agreste" Jorge Amado
44%
Apresentador, escritor e humorista, comandou programas nas madrugadas do SBT e Globo Jô Soares
43%
Cantor e compositor, maior expoente da MPB e um dos criadores da Bossa Nova Tom Jobim
43%
Ex-jogador de futebol, campeão mundial de clubes com o Flamengo e considerado o maior jogador da história do clube.'' Zico
43%
Religioso e cantor, conhecido pelos trabalhos de evangelização na televisão. Responsável por músicas como "Erguei as Mãos" e "Anjos de Deus" Padre Marcelo Rossi
42%
Treinador e ex-jogador de futebol, atuava como goleiro. Foi campeão mundial em 2002 e campeão mundial de clubes em 2005, com o São Paulo Rogério Ceni
42%
Poeta e cronista, considerado o mais influente do século XX. No calcação da Praia de Copacabana há uma estátua sua, sentada em um banco Carlos Drummond de Andrade
41%
Atriz, com notórias passagens na produção cinematográfica nacional. Conhecida pelo bom humor e emprego de palavras de baixo calão Dercy Gonçalves
41%
Astronauta e político, foi o primeiro brasileiro no espaço. Atualmente é ministro da Ciência, Tecnologia, Inovações e Comunicações Marcos Pontes
41%
Empresário, fez e perdeu fortuna na exploração de petróleo e gás. Envolvido em recentes escândalos de corrupção Eike Batista
40%
Educador e filósofo, considerado o patrono da educação brasileira Paulo Freire
40%
Mártir da independência e líder da Inconfidência Mineira Tiradentes
40%
Médico e biólogo, descobriu uma doença causada por protozoário que se hospeda no inseto barbeiro e que leva seu sobrenome Carlos Chagas
39%
Ex-jogador de futebol, liderou a chamada "Democracia Corinthiana" Sócrates
39%
Seringueiro, lutou a favor de seus semelhantes na bacia amazônica Chico Mendes
38%
Empresário e jornalista, foi presidente do Grupo Globo Roberto Marinho
37%
Ator e apresentador, comanda um programa que leva seu sobrenome nas tardes de domingo na Rede Record. Integrou o grupo Dominó Rodrigo Faro
36%
Cantor, humorista e político, dono do sucesso "Florentina" Tiririca
35%
Político, foi prefeito da cidade de São Paulo, governador e senador pelo estado homônimo. Também foi Ministro da Saúde José Serra
34%
Político, fundou e liderou o PDT. Governou os estados do Rio Grande do Sul e Rio de Janeiro Leonel Brizola
34%
Religioso, obteve grande prestígio e influência sobre a vida social no Ceará e no Nordeste Padre Cícero
32%
Político, símbolo da extrema-esquerda. Relacionou-se com Olga Benário Luís Carlos Prestes
31%
Empresário, comanda o programa "O Aprendiz" Roberto Justus
31%
Político, foi primeiro-ministro do Brasil. Elegeu-se Presiidente da República, contudo não tomou posse, dada as suas condições de saúde Tancredo Neves
31%
Médico e sanitarista, convenceu o Executivo a decretar vacinação obrigatória, provocando rebelião conhecida como a Revolta da Vacina Osvaldo Cruz
30%
Militar, liderou as forças governamentais contra revoltas como a Farroupilha. Atuou também na Guerra do Paraguai. Cidades no RJ, RS e MA o homenageiam no nome Duque de Caxias
29%
Religiosa, ficou conhecida por sua assistência aos mais necessitados. Proclamada a primeira santa nascida no Brasil Santa Dulce dos Pobres
26%
Cantora, lidera o ministério Diante do Trono Ana Paula Valadão
25%
Atriz e cantora, interpretou Roberta na versão brasileira de "Rebelde" Lua Blanco
25%
Militar, responsável pela exploração do Mato Grosso e bacia amazônica. Um estado da federação o homenageia no nome Marechal Rondon
24%
Ator e cineasta, é considerado o maior cômico do cinema brasileiro Amácio Mazzaropi
23%
Sociólogo e ativista, instituiu a Ação da Cidadania contra a Fome, a Miséria e pela Vida, Betinho
23%
Político, foi vice-presidente do Brasil entre 2003 e 2010 José Alencar
23%
Religioso, fundador e líder da Igreja Internacional da Graça de Deus e proprietário da RIT R.R. Soares
23%
Ator, conhecido por personagens como Toni, em "Esperança", Edu, em "Laços de Família" e Paco, em "Da Cor do Pecado" Reynaldo Gianecchini
22%
Religioso, fundador e líder da Assembleia de Deus Vitória em Cristo Silas Malafaia
22%
Religioso, famoso por seus poderes de cura. Primeiro santo brasileiro Frei Galvão
20%
Ator e comediante, conhecido por personagens como Bronco e Pacífico Ronald Golias
18%
Político, presidiu a Câmara dos Deputados durante a Assembleia Nacional Constituinte Ulysses Guimarães
18%
Médica, foi a fundadora da Pastoral da Criança. Foi uma das vítimas do terremoto do Haiti em 2010 Zilda Arns
18%
Religioso, fundador e líder da Igreja Mundial do Poder de Deus Valdemiro Santiago
17%
Comerciante e industrial, ajudou a impulsionar a industrialização no Brasil Império Visconde de Mauá
17%
Empresário, foi presidente do Grupo Votorantim Antônio Ermírio de Moraes
16%
Jurista, defensor do abolicionismo e do federalismo Ruy Barbosa
15%
Religioso, um dos fundadores da CNBB e defensor dos direitos humanos Dom Hélder Câmara
14%
Religioso, fundador e líder da Comunidade Católica Canção Nova Jonas Abib
14%
Médico imunologista, foi o criador do Instituto Butantan Vital Brazil
12%
Religioso, pioneiro na ciência da telecomunicação Landell de Moura
11%
Escritor e religioso, atual líder da Legião da Boa Vontade Paiva Netto
11%
Escritor e religioso, foi o fundador da Cultura Nacional Manuel Jacintho Coelho
9%
Nenhum quiz correspondente encontrado
Distribuição das Pontuações
Porcentagem de Pessoas com Cada Pontuação
Percentil de Números Respondidos
Sua Pontuação Histórica
Você não jogou esse quiz